00590nam a2200193 a 450000100060000000300090000600800410001502000150005604000280007108200160009910000150011524500480013026000420017830000110022049000470023165000570027865000260033565000350036119241CO-ViMGA141112s2004 ck r 000 u spa d a8476727933 aCO-ViMGAbspacCO-ViMGA04a299.7 A915m1 aAyala, R.R10aMitos y leyendas de los indios Américanos aBarcelona : bEdicomunicación; 1998 a189 p. aColección Olimpo, mitología e historia14aINDIOS DE América DEL NORTE - RELIGION Y MITOLOGIA14aLEYENDAS AméricaNAS14aLEYENDAS INDIGENAS - América